| 000 | 01550nam0a2200313 i 4500 | ||
|---|---|---|---|
| 001 | RU\NLR\bibl\1973429 | ||
| 005 | 20241103094521.0 | ||
| 010 |
_a9785991402453 _950 |
||
| 021 |
_aRU _b2012-87602 _96482 |
||
| 035 | _a(NLR Aleph) 001962241 | ||
| 090 |
_a3841409 _c3841409 |
||
| 100 | _a20121129d2012 u y0rusy50 ca | ||
| 101 | 0 | _arus | |
| 102 | _aRU | ||
| 105 | _aa ||||||||| | ||
| 200 | 1 |
_aПроизводственное обучение _eучебно-методическое пособие _fС.И. Моднов _gМ-во образования и науки РФ, Федер. гос. бюджет. образоват. учреждение высш. проф. образования "Ярослав. гос.техн. ун-т" |
|
| 210 |
_aЯрославль _cИзд-во ЯГТУ _d2012 |
||
| 215 |
_a321,[1] с. _cил. _d29 |
||
| 606 |
_aМеталлорежущие станки с программным управлением _jУчебно-методические пособия для высших учебных заведений _9959752 _3RU\NLR\auth\66358223 |
||
| 606 |
_aМеталлы _jУчебно-методические пособия для высших учебных заведений _xОбработка _9991305 _3RU\NLR\auth\6656575 |
||
| 686 | _aК630.2-52я73-1 | ||
| 686 | _aК5я73-1 | ||
| 700 | 1 |
_aМоднов _bС. И. _gСергей Иванович _4070 |
|
| 801 | 0 |
_aRU _bNLR _c20121129 _gRCR |
|
| 801 | 1 |
_aRU _bNLR _c20121129 |
|
| 830 | _aавт. по эк | ||
| 942 | _cBOOK | ||
| 980 | _aNBR | ||